000 00322nam a2200133Ia 4500
008 240624s9999 xx 000 0 und d
041 _aeng
082 _a823 FOR
100 _aFORSYTH FREDERICK
245 _aDEVIL S ALTERNATIVE
260 _c2011
_aNew Delhi
_bArrow Books
300 _a478 , p. , 19 , cm.
365 _cRS
999 _c28956
_d28956